Al hilo del quijano

Salvato in:
Dettagli Bibliografici
Autore principale: Morán, Manuel
Natura: Libro
Lingua:Undetermined
Pubblicazione: Madrid, España Devenir 1993
Soggetti:
Tags: Aggiungi Tag
Nessun Tag, puoi essere il primo ad aggiungerne!!

MARC

LEADER 00000nam a2200000Ia 4500
008 170316s9999 xx 000 0 und d
040 |a cru BVZT 
090 |a 862 M-55a 
100 |a Morán, Manuel 
245 |a Al hilo del quijano 
260 |a Madrid, España 
260 |b Devenir 
260 |c 1993 
300 |a 79 páginas 
650 |a LITERATURA ESPAÑOLA 
999 |c 10198  |d 10198 
942 |c 15 D  |h 862 M-55a  |2 z